Tunable laser diodes and related optical sources / (Record no. 178582)
[ view plain ]
| 000 -LEADER | |
|---|---|
| fixed length control field | 01543 a2200277 4500 |
| 003 - CONTROL NUMBER IDENTIFIER | |
| control field | Nust |
| 005 - DATE AND TIME OF LATEST TRANSACTION | |
| control field | 20230830112347.0 |
| 010 ## - LIBRARY OF CONGRESS CONTROL NUMBER | |
| LC control number | 2005273768 |
| 020 ## - INTERNATIONAL STANDARD BOOK NUMBER | |
| Terms of availability | 0471208167 |
| 040 ## - CATALOGING SOURCE | |
| Transcribing agency | Nust |
| 082 ## - DEWEY DECIMAL CLASSIFICATION NUMBER | |
| Classification number | 621.3815,BUU |
| 100 1# - MAIN ENTRY--PERSONAL NAME | |
| Personal name | Buus, Jens. |
| 9 (RLIN) | 97233 |
| 245 10 - TITLE STATEMENT | |
| Title | Tunable laser diodes and related optical sources / |
| Statement of responsibility, etc. | Jens Buus, Markus-Christian Amann, Daniel J. Blumenthal. |
| 250 ## - EDITION STATEMENT | |
| Edition statement | 2nd ed. |
| 260 ## - PUBLICATION, DISTRIBUTION, ETC. | |
| Place of publication, distribution, etc. | Hoboken, N.J. : |
| Name of publisher, distributor, etc. | John Wiley & Sons, |
| Date of publication, distribution, etc. | c2005. |
| 300 ## - PHYSICAL DESCRIPTION | |
| Extent | xiv, 390 p. : |
| Other physical details | ill. ; |
| Dimensions | 25 cm. |
| 505 ## - FORMATTED CONTENTS NOTE | |
| Formatted contents note | Introduction (Page-1), Fundamental laser diode characteristics (Page-7), Single-mode laser diodes (Page-43), Basic concepts of tunable laser diodes (Page-79),Wavelength-tunable single-mode laser diodes (Page-107), Linewidth broadening (Page-151), Widely tunable monolithic laser diodes (Page-169),Practical issues related to monolithic tunable laser diodes (Page-221), Related DWDM sources (Page-247), Communications applications and requirements (Page-285), Other applications (Page-325). |
| 650 #0 - SUBJECT ADDED ENTRY--TOPICAL TERM | |
| Topical term or geographic name entry element | Telecommunication Engineering. |
| 700 1# - ADDED ENTRY--PERSONAL NAME | |
| Personal name | Amann, Markus-Christian. |
| 9 (RLIN) | 97234 |
| 700 1# - ADDED ENTRY--PERSONAL NAME | |
| Personal name | Amann, Markus-Christian. |
| 9 (RLIN) | 97234 |
| 700 1# - ADDED ENTRY--PERSONAL NAME | |
| Personal name | Blumenthal, Daniel J. |
| 9 (RLIN) | 97235 |
| 856 42 - ELECTRONIC LOCATION AND ACCESS | |
| Materials specified | Contributor biographical information |
| Uniform Resource Identifier | <a href="http://www.loc.gov/catdir/enhancements/fy0626/2005273768-b.html">http://www.loc.gov/catdir/enhancements/fy0626/2005273768-b.html</a> |
| 856 42 - ELECTRONIC LOCATION AND ACCESS | |
| Materials specified | Publisher description |
| Uniform Resource Identifier | <a href="http://www.loc.gov/catdir/enhancements/fy0626/2005273768-d.html">http://www.loc.gov/catdir/enhancements/fy0626/2005273768-d.html</a> |
| 856 42 - ELECTRONIC LOCATION AND ACCESS | |
| Materials specified | Table of contents only |
| Uniform Resource Identifier | <a href="http://www.loc.gov/catdir/enhancements/fy0626/2005273768-t.html">http://www.loc.gov/catdir/enhancements/fy0626/2005273768-t.html</a> |
| 942 ## - ADDED ENTRY ELEMENTS (KOHA) | |
| Koha item type | Reference |
| Source of classification or shelving scheme | |
| Withdrawn status | Lost status | Source of classification or shelving scheme | Damaged status | Not for loan | Permanent Location | Current Location | Shelving location | Date acquired | Full call number | Barcode | Date last seen | Price effective from | Koha item type | Public note |
|---|---|---|---|---|---|---|---|---|---|---|---|---|---|---|
| Military College of Signals (MCS) | Military College of Signals (MCS) | Reference | 12/12/2016 | 621.3815,BUU | MCS31511 | 12/08/2016 | 12/12/2016 | Reference | Almirah No.21, Shelf No.4 |
